| 000 | 00641nam a2200193 4500 | ||
|---|---|---|---|
| 003 | CO-ViMGA | ||
| 020 | _a9789583017209 | ||
| 040 |
_aCO-ViMGA _bspa _cCO-ViMGA |
||
| 082 | 0 | 4 |
_aR133.334 _bB21d |
| 100 | 1 |
_aBeattie, Antonia _95261 |
|
| 245 | 1 | 0 |
_aDiccionario de sueños : _btodo lo que necesita saber para interpretar los sueños y hacer que ellos trabajen para usted / _cAntonia, Beattie |
| 250 | _a19 ed. | ||
| 260 |
_aBogotá : _bPanamericana _c2007 |
||
| 300 |
_a192 p. : _b28 cm |
||
| 500 | _aIncluye índice | ||
| 650 | 1 | 4 |
_aInterpretación de los sueños _vDiccionarios _95263 |
| 650 | 1 | 4 |
_aSueños _vDiccionarios _95262 |
| 942 |
_cREF _2ddc |
||
| 999 |
_c35938 _d35938 |
||